MDQL
is popping MORE tags! Check the
thread
!
Quizzes
Events
Quiz Creation
Community
Videos
Private Events
Remove Ads
Sign In
Join for FREE
Feedback
Dark Mode
Quiz Categories
Sports
Geography
Music
Movies
Television
Just For Fun
Miscellaneous
History
Literature
Language
Science
Gaming
Entertainment
Religion
Holiday
For Kids
Quiz Lab
Recent
Popular Today
Quiz Kudos Today
Editor Picks
Curator Picks
Quizzes by...
Day
Popularity
Type
Ratings
Length
Year
Community
Subscriptions
Recent Discussions
Orange Saloon
Badges
Playlists
Quests
Create
Leaderboards
Showdown
Live 5
Trivia Bingo
Activity
Puzzle Library
Sporcle Events
Private Events
Virtual Trivia
Globe League
Become a Host
Pub Owners
SporcleCon
Opinionation
Our Games
Videos
Blog
Mobile Apps
Partnerships
Remove Ads and Go Orange
Feedback
Sports
Athletes
MLB
NBA
NHL
NFL
Soccer
Sports Teams
WWE
NCAA
Football
Premier League
Basketball
Baseball
Hockey
Golf
Tennis
Cricket
Rugby
Auto Racing
Olympics
World Cup
Sports
Athletes
MLB
NBA
NHL
NFL
Soccer
Sports Teams
WWE
NCAA
Football
Premier League
Basketball
Baseball
Hockey
Golf
Tennis
Cricket
Rugby
Auto Racing
Olympics
World Cup
Random Quiz
Search Sporcle
×
Quiz Lab
Quiz Lab
Sports
Cricket
Type in answers that appear in a list
Type in answers that appear in a list
Classic
Best Score? Go Orange.
Test Runs per Ground Stats
Can you name the Test Runs per Ground?
By
ateweston85
20m
294 Questions
205 Plays
205 Plays
205 Plays
Comments
Comments
Give Quiz Kudos
Give Quiz Kudos
-
- Ratings
hide this ad
More Info
Replay
Link that replays current quiz
Next Quiz
Link to next quiz in quiz playlist
You Got
0%
They Got
Avg Score
75%
Avg Friend Score
Upgrade to see
Score Distribution
Jump to the score distribution portion of the page
Score
0/294
Timer
20:00
0
Plays Today
Ground
Answer
% Correct
Melbourne Cricket Ground
Ricky Ponting
99%
Sydney Cricket Ground
Ricky Ponting
99%
Adelaide Oval
Ricky Ponting
99%
The Gabba
Ricky Ponting
99%
The WACA
Ricky Ponting
99%
Bellerive Oval
Ricky Ponting
99%
Newlands
Graeme Smith
97.6%
Kingsmead
Graeme Smith
97.6%
Kensington Oval
Viv Richards
97.6%
Kensington Oval
Brian Lara
97.6%
Queen's Park Oval
Brian Lara
97.6%
Queen's Park Oval
Viv Richards
97.6%
Sabina Park
Brian Lara
97.6%
The Wanderers Stadium
Graeme Smith
97.6%
Antigua Recreation Ground
Brian Lara
97.6%
Eden Gardens
Sachin Tendulkar
97.1%
Eden Gardens
Rahul Dravid
97.1%
MA Chidambaram Stadium
Sachin Tendulkar
97.1%
Feroz Shah Kotla
Rahul Dravid
97.1%
Feroz Shah Kotla
Sachin Tendulkar
97.1%
Bangabandhu National Stadium
Sachin Tendulkar
97.1%
M. Chinnaswamy Stadium
Sachin Tendulkar
97.1%
Wankhede Stadium
Sachin Tendulkar
97.1%
Wankhede Stadium
Rahul Dravid
97.1%
Sardar Patel Stadium
Sachin Tendulkar
97.1%
Sardar Patel Stadium
Rahul Dravid
97.1%
Punjab Cricket Association Stadium
Rahul Dravid
97.1%
Punjab Cricket Association Stadium
Sachin Tendulkar
97.1%
National Stadium
Younis Khan
96.1%
P Sara Oval
Mahela Jayawardene
96.1%
Asgiriya Stadium
Mahela Jayawardene
96.1%
Sardar Patel Stadium
Mahela Jayawardene
96.1%
Sinhalese Sports Club
Mahela Jayawardene
96.1%
Galle International Stadium
Mahela Jayawardene
96.1%
St George's Park
Jacques Kallis
95.6%
Newlands
Jacques Kallis
95.6%
Kingsmead
Jacques Kallis
95.6%
The Wanderers Stadium
Jacques Kallis
95.6%
SuperSport Park
Jacques Kallis
95.6%
Melbourne Cricket Ground
Steve Waugh
95.1%
Sydney Cricket Ground
Steve Waugh
95.1%
Adelaide Oval
Steve Waugh
95.1%
The Gabba
Steve Waugh
95.1%
The WACA
Mark Waugh
95.1%
The WACA
Steve Waugh
95.1%
McLean Park
Ross Taylor
95.1%
Seddon Park
Ross Taylor
95.1%
The Gabba
Mark Taylor
94.6%
Brabourne Stadium
Mansour Ali Khan
94.6%
P Sara Oval
Kumar Sangakkara
94.6%
Asgiriya Stadium
Kumar Sangakkara
94.6%
Sinhalese Sports Club
Kumar Sangakkara
94.6%
Bellerive Oval
Kumar Sangakkara
94.6%
Bellerive Oval
Mark Taylor
94.6%
Galle International Stadium
Kumar Sangakkara
94.6%
Old Wanderers
Herbie Taylor
94.1%
Kensington Oval
Shivnarine Chanderpaul
94.1%
Bourda
Shivnarine Chanderpaul
94.1%
Eden Gardens
VVS Laxman
94.1%
Feroz Shah Kotla
VVS Laxman
94.1%
Gaddafi Stadium
Mohsin Khan
94.1%
Antigua Recreation Ground
Shivnarine Chanderpaul
94.1%
Sardar Patel Stadium
VVS Laxman
94.1%
Punjab Cricket Association Stadium
VVS Laxman
94.1%
Melbourne Cricket Ground
Don Bradman
93.7%
Adelaide Oval
Don Bradman
93.7%
Headingley
Don Bradman
93.7%
Sydney Cricket Ground
Matthew Hayden
93.2%
The Gabba
Matthew Hayden
93.2%
The WACA
Matthew Hayden
93.2%
Eden Gardens
Sunil Gavaskar
92.2%
MA Chidambaram Stadium
Sunil Gavaskar
92.2%
Feroz Shah Kotla
Sunil Gavaskar
92.2%
Green Park
Sunil Gavaskar
92.2%
M. Chinnaswamy Stadium
Sunil Gavaskar
92.2%
Wankhede Stadium
Sunil Gavaskar
92.2%
Harare Sports Club
Grant Flower
92.2%
Harare Sports Club
Andy Flower
92.2%
Queens Sports Club
Grant Flower
92.2%
Queens Sports Club
Andy Flower
92.2%
Adelaide Oval
Michael Clarke
91.7%
The Gabba
Michael Clarke
91.7%
Bellerive Oval
Michael Clarke
91.7%
MA Chidambaram Stadium
Virender Sehwag
91.2%
M. Chinnaswamy Stadium
Virender Sehwag
91.2%
Sardar Patel Stadium
Virender Sehwag
91.2%
Punjab Cricket Association Stadium
Virender Sehwag
91.2%
The Oval
Graham Gooch
90.2%
The Oval
Kevin Pietersen
90.2%
Lord's
Kevin Pietersen
90.2%
Lord's
Graham Gooch
90.2%
Trent Bridge
Graham Gooch
90.2%
Headingley
Graham Gooch
90.2%
Newlands
Hashim Amla
89.3%
The Wanderers Stadium
Hashim Amla
89.3%
SuperSport Park
Hashim Amla
89.3%
Newlands
AB de Villiers
88.8%
Kingsmead
AB de Villiers
88.8%
Ground
Answer
% Correct
SuperSport Park
AB de Villiers
88.8%
Basin Reserve
Stephen Fleming
88.3%
Basin Reserve
Martin Crowe
88.3%
Eden Park
Stephen Fleming
88.3%
Eden Park
Martin Crowe
88.3%
P Sara Oval
Sanath Jayasuriya
88.3%
Asgiriya Stadium
Sanath Jayasuriya
88.3%
Sinhalese Sports Club
Sanath Jayasuriya
88.3%
Seddon Park
Stephen Fleming
88.3%
Galle International Stadium
Sanath Jayasuriya
88.3%
Melbourne Cricket Ground
Allan Border
87.8%
Sydney Cricket Ground
Allan Border
87.8%
Adelaide Oval
Allan Border
87.8%
MA Chidambaram Stadium
Kapil Dev
87.8%
Green Park
Kapil Dev
87.8%
Gaddafi Stadium
Mohammad Yousuf
87.8%
The WACA
Allan Border
87.8%
Lord's
Andrew Strauss
87.3%
McLean Park
Chris Gayle
87.3%
Antigua Recreation Ground
Chris Gayle
87.3%
Bourda
Gordon Greenidge
86.8%
Sabina Park
Gordon Greenidge
86.8%
McLean Park
Brendon McCullum
86.8%
Seddon Park
Brendon McCullum
86.8%
Adelaide Oval
Justin Langer
86.3%
Bangabandhu National Stadium
Inzamam-ul-Haq
85.9%
National Stadium
Inzamam-ul-Haq
85.9%
Gaddafi Stadium
Inzamam-ul-Haq
85.9%
Iqbal Stadium
Inzamam-ul-Haq
85.9%
Old Trafford
Michael Atherton
85.4%
Trent Bridge
Michael Atherton
85.4%
Edgbaston
Michael Atherton
85.4%
Kensington Oval
Desmond Haynes
84.9%
Bourda
Desmond Haynes
84.9%
Feroz Shah Kotla
Sourav Ganguly
84.9%
M. Chinnaswamy Stadium
Sourav Ganguly
84.9%
Antigua Recreation Ground
Desmond Haynes
84.9%
Sardar Patel Stadium
Sourav Ganguly
84.9%
Punjab Cricket Association Stadium
Sourav Ganguly
84.9%
The Oval
David Gower
83.9%
Lord's
David Gower
83.9%
Trent Bridge
David Gower
83.9%
Edgbaston
David Gower
83.9%
Old Trafford
Alec Stewart
83.4%
Lord's
Alec Stewart
83.4%
Headingley
Alec Stewart
83.4%
Edgbaston
Alec Stewart
83.4%
Kensington Oval
Garry Sobers
83.4%
Sabina Park
Garry Sobers
83.4%
P Sara Oval
Aravinda de Silva
82.4%
Sinhalese Sports Club
Aravinda de Silva
82.4%
Lord's
Geoff Boycott
82%
Trent Bridge
Geoff Boycott
82%
Headingley
Geoff Boycott
82%
Queen's Park Oval
Clive Lloyd
81%
National Stadium
Javed Miandad
81%
Gaddafi Stadium
Javed Miandad
81%
Iqbal Stadium
Javed Miandad
81%
Kensington Oval
Richie Richardson
80.5%
Bourda
Richie Richardson
80.5%
Galle International Stadium
Tillakaratne Dilshan
80%
Zahur Ahmed Chowdhury Stadium
Tillakaratne Dilshan
80%
The Oval
Len Hutton
79.5%
Old Trafford
Len Hutton
79.5%
AMI Stadium
Nathan Astle
79.5%
Basin Reserve
Nathan Astle
79.5%
Eden Park
Nathan Astle
79.5%
The Oval
Wally Hammond
78.5%
St George's Park
Gary Kirsten
78.5%
Old Wanderers
Wally Hammond
78.5%
Kingsmead
Wally Hammond
78.5%
Kingsmead
Gary Kirsten
78.5%
St George's Park
Shaun Pollock
78%
St George's Park
Graeme Pollock
78%
Melbourne Cricket Ground
Greg Chappell
77.1%
Melbourne Cricket Ground
Jack Hobbs
77.1%
Sydney Cricket Ground
Greg Chappell
77.1%
Kingsmead
Herschelle Gibbs
77.1%
The Gabba
Greg Chappell
77.1%
The Wanderers Stadium
Herschelle Gibbs
77.1%
SuperSport Park
Herschelle Gibbs
77.1%
Old Trafford
Michael Vaughan
75.6%
Bangabandhu National Stadium
Nafees Iqbal
75.6%
Carisbrook
Asif Iqbal
75.6%
Zahur Ahmed Chowdhury Stadium
Tamin Iqbal
75.1%
Sabina Park
Ramnaresh Sarwan
74.6%
Bangabandhu National Stadium
Mohammad Ashraful
74.6%
Antigua Recreation Ground
Ramnaresh Sarwan
74.6%
Zahur Ahmed Chowdhury Stadium
Mohammad Ashraful
74.6%
Edgbaston
Marcus Trescothick
73.7%
Brabourne Stadium
Chandu Borde
73.7%
Sydney Cricket Ground
David Boon
72.7%
The WACA
David Boon
72.7%
P Sara Oval
Arjuna Ranatunga
72.7%
Asgiriya Stadium
Arjuna Ranatunga
72.7%
Asgiriya Stadium
Marvan Atapattu
69.3%
Queens Sports Club
Marvan Atapattu
69.3%
Galle International Stadium
Marvan Atapattu
69.3%
Ground
Answer
% Correct
Zahur Ahmed Chowdhury Stadium
Shakib Al Hasan
69.3%
Edgbaston
Colin Cowdrey
68.3%
The Oval
Herbert Sutcliffe
67.3%
Carisbrook
Bert Sutcliffe
67.3%
Bellerive Oval
Michael Hussey
67.3%
AMI Stadium
John Wright
66.3%
Basin Reserve
John Wright
66.3%
Queen's Park Oval
Everton Weekes
66.3%
Eden Park
Chris Cairns
66.3%
Eden Park
John Wright
66.3%
Punjab Cricket Association Stadium
Gautam Gambhir
66.3%
Headingley
Ian Botham
65.9%
Old Trafford
Ken Barrington
64.9%
Basin Reserve
Daniel Vettori
64.9%
Bourda
Carl Hooper
64.9%
McLean Park
Daniel Vettori
64.9%
Antigua Recreation Ground
Carl Hooper
64.9%
Seddon Park
Daniel Vettori
64.9%
Old Trafford
Denis Compton
63.9%
Trent Bridge
Denis Compton
63.9%
Sabina Park
Clyde Walcott
63.4%
Edgbaston
Graham Thorpe
62.9%
National Stadium
Saleem Malik
62.9%
Iqbal Stadium
Saleem Malik
62.9%
Harare Sports Club
Alistair Campbell
62.9%
Queens Sports Club
Alistair Campbell
62.9%
St George's Park
Hansie Cronje
61.5%
Queen's Park Oval
Rohan Kanhai
61.5%
Sabina Park
Rohan Kanhai
61.5%
The Wanderers Stadium
Hansie Cronje
61.5%
Basin Reserve
Andrew Jones
61%
Gaddafi Stadium
Zaheer Abbas
61%
Iqbal Stadium
Zaheer Abbas
61%
AMI Stadium
Richard Hadlee
60.5%
Eden Gardens
Dilip Vengsarkar
60%
Feroz Shah Kotla
Dilip Vengsarkar
60%
Green Park
Dilip Vengsarkar
60%
Wankhede Stadium
Dilip Vengsarkar
60%
Harare Sports Club
Heath Streak
60%
Newlands
Mark Boucher
59.5%
SuperSport Park
Mark Boucher
59.5%
Bangabandhu National Stadium
Hanif Mohammad
58%
Carisbrook
Mushtaq Mohammad
57.1%
Eden Gardens
Mohammad Azharuddin
56.6%
MA Chidambaram Stadium
Mohammad Azharuddin
56.6%
Green Park
Mohammad Azharuddin
56.6%
National Stadium
Shoaib Mohammad
56.6%
M. Chinnaswamy Stadium
Mohammad Azharuddin
56.6%
Newlands
Darryll Cullinan
55.1%
The Wanderers Stadium
Darryll Cullinan
55.1%
AMI Stadium
Glenn Turner
54.6%
P Sara Oval
Thilan Samaraweera
54.1%
Sinhalese Sports Club
Thilan Samaraweera
54.1%
Galle International Stadium
Thilan Samaraweera
54.1%
Seddon Park
Craig McMillan
53.2%
MA Chidambaram Stadium
Gundappa Viswanath
52.7%
Green Park
Gundappa Viswanath
52.7%
M. Chinnaswamy Stadium
Gundappa Viswanath
52.7%
Bellerive Oval
Michael Slater
52.7%
Headingley
John Edrich
51.7%
Carisbrook
Hashan Tillakaratne
51.2%
Asgiriya Stadium
Hashan Tillakaratne
51.2%
Sinhalese Sports Club
Hashan Tillakaratne
51.2%
Brabourne Stadium
Vinoo Mankad
49.8%
Zahur Ahmed Chowdhury Stadium
Mushfiqur Rahim
49.3%
Wankhede Stadium
Ravi Shastri
46.8%
SuperSport Park
Ashwell Prince
46.8%
Harare Sports Club
Guy Whittall
44.4%
Queens Sports Club
Guy Whittall
44.4%
Bangabandhu National Stadium
Habibul Bashar
43.4%
Queens Sports Club
Tatenda Taibu
42.9%
Old Wanderers
Dave Nourse
40.5%
McLean Park
Jesse Ryder
39.5%
National Stadium
Mudassar Nazar
36.6%
Gaddafi Stadium
Mudassar Nazar
36.6%
Iqbal Stadium
Mudassar Nazar
36.6%
Brabourne Stadium
Vijay Hazare
36.1%
AMI Stadium
Jeremy Coney
35.6%
Seddon Park
Martin Guptill
35.1%
AMI Stadium
Bev Congdon
34.6%
Eden Park
Geoff Howarth
34.1%
Queen's Park Oval
Alvin Kallicharran
33.7%
Brabourne Stadium
Vijay Manjrekar
29.8%
Old Wanderers
Jimmy Sinclair
28.8%
Old Wanderers
Bruce Mitchell
27.3%
Trent Bridge
Tom Graveney
27.3%
Green Park
Polly Umrigar
26.3%
Harare Sports Club
Hamilton Masakadza
25.4%
Carisbrook
Bryan Young
24.4%
St George's Park
Eddie Barlow
21.5%
Carisbrook
Qasim Umar
20.5%
Iqbal Stadium
Qasim Umar
20.5%
Brabourne Stadium
Pankaj Roy
19%
Zahur Ahmed Chowdhury Stadium
Shahriar Nafees
16.1%
Bourda
Phil Simmons
14.6%
Wankhede Stadium
Syed Kirmani
14.6%
Old Wanderers
Gordon White
4.9%
McLean Park
Tim McIntosh
2.9%
Quiz Playlist
Details
Report
Send in Message
Add To Playlist
More Info:
Name the leading Test run scorers at every ground that has hosted more than 10 Test matches
Classic:
Type in answers that appear in a list
Quiz Source
Last Updated: Feb 16, 2017
Quiz Scoreboard
CHALLENGE
Sign Up to Join the Scoreboard
Show All
Scores
Hide
Comments
May contain spoilers
Recently Published
Holiday 10x10 Sorting Gallery
by lukepisani3
Holiday
15m
Two Season TV Shows II
by 123Four
Television
10m
Image Sorting: Flags VI
by Barbecue
Geography
2m
More to Explore
Quiz From the Vault
Featured Blog Post
14 Easter Pick-up Lines to Find Eggs With
hide this ad
You Might Also Like...
Tags
Country Quiz
Cricket Quiz
ground
run
test
Today's Top Quizzes in Sports
Browse Sports
hide this ad
Today's Top Quizzes in Cricket
Browse Cricket
Top Contributed Quizzes in Sports
1
Les meilleurs buteurs des matchs entre le PSG et l’OM
2
Les entraîneurs de l'OM et du PSG au 21e siècle
3
2022 World Cup Stars
4
Les joueurs passés par le PSG et l'OM
5
Players with Multiple 50 Home Run Seasons
6
FIFA Club World Cup Champions
7
Criteria MLB: Left Handed Sluggers
8
Les joueurs passés par le LOSC et le RC Lens
9
Top 10 NHL Goal Scorers of All Time
10
NBA Logic Puzzle 2.0
Explore More
Trending Topics
NBA
Marvel
Disney
Anime
Crossword
Kpop
Harry Potter
NFL
The Office
WWE
Country
Pokémon
Song
Soccer
Puzzle
hide this ad
More By:
ateweston85
Quiz
Plays
Rating
Category
Featured
Created
Premier League Hattricks
8,623
4.86
Sports
Nov 22, 2012
Player and Manager in Premier League
5,752
4.55
Sports
Oct 27, 2012
WhatCulture Top 100 WWE Matches
5,601
4.18
Sports
Nov 4, 2016
Serie A Champions XI
4,820
4.47
Sports
Feb 26, 2013
England Test Cricket Records
4,634
4.78
Sports
Jul 3, 2012
Go to Creator's Profile
Score Distribution
Quiz Creator Spotlight
ateweston85
Follow
Send a Message
Quizzes Created
-
Created Quiz Play Count
-
More By This Creator
Popular Quizzes Today
1
Find the US States - No Outlines Minefield
2
Colored Red Africa Blitz
3
Find the 'City' Movie
4
The Countries of the World
5
5x2 Blitz: Bands
6
Find the Countries of Europe - No Outlines Minefield
7
Find the US States
8
US States
More Sports Quizzes
First XI: Bojan Krkić
Quiz Lab
Trending Quizzes
Colored Red Europe Blitz I
Colored Red Africa Blitz II
Colored Red Europe Blitz II
Even More Two Season TV Shows
Colored Red Africa Blitz III
Recently Updated
Quick Pick: 20 Twenties
pecheneg
March Madness Men's Triple Doubles
pecheneg
How Do You Spell That?
pecheneg
Godzilla Movies
pecheneg
Grab Bag: 4-10 Letters
pecheneg
2024 March Madness Bracket
pecheneg
Famous TV Couples
Peacemaker
Champions League XIs: Real Madrid
pecheneg
Largest US Cities 1790-2010
pecheneg
Rides in Walt Disney World
pecheneg
Trending Topics
Marvel
Disney
Anime
Crossword
NBA
Kpop
Harry Potter
Soccer
NFL
Pokémon
Puzzle
WWE
Country
The Office
Song
Your Account Isn't Verified!
In order to create a playlist on Sporcle, you need to verify the email address you used during registration. Go to your
Sporcle Settings
to finish the process.
Report this User
Report this user for behavior that violates our
Community Guidelines
.
Details:
Send Report
Go to the Sporcle.com Mobile Site →
Comments